| LEADER | 01029cam a2200277 a 4500 | ||
|---|---|---|---|
| 001 | u467865 | ||
| 003 | SIRSI | ||
| 008 | 940711s1999 my t 0001 eng m | ||
| 035 | |a ACM-0031 | ||
| 040 | |a UMM | ||
| 090 | |a RC280 |b B8Rak | ||
| 100 | 0 | 0 | |a Rakesh Naidu Kuppusamy Naidu. |
| 245 | 0 | 0 | |a Protein expression and molecular analysis of selected genes in breast carcinomas / |c Rakesh Naidu a/l Kuppusamy Naidu. |
| 260 | |c 1999. | ||
| 270 | 1 | |g Rakesh Naidu. |a Universiti Malaya. Fakulti Perubatan. Jabatan Perubatan Molekul. | |
| 300 | |a xxix, 455 leaves : |b ill. ; |c 29 cm. | ||
| 502 | |a Thesis (Ph.D.) -- Institut Sains Biologi,Fakulti Sains,Universiti Malaya, 1999. | ||
| 504 | |a Bibliography :leaves 374-455 | ||
| 650 | 0 | |a Protein |x Synthesis | |
| 650 | 0 | |a Breast |x Cancer. | |
| 650 | 0 | |a Cancer |x Genetic aspects | |
| 710 | 2 | 0 | |a Universiti Malaya. |b Fakulti Sains. |
| 900 | |a ND | ||
| 948 | |a 25/08/2000 |b 18/06/2002 | ||
| 596 | |a 1 | ||
| 999 | |a RC280 B8RAK |w LC |c 1 |i A510033288 |d 19/3/2010 |e 19/3/2010 |l STACKS |m P01UTAMA |n 2 |r Y |s Y |t TESIS |u 31/1/2001 | ||
